| 000 | 00813nam a22002057a 4500 | ||
|---|---|---|---|
| 999 |
_c16418 _d16418 |
||
| 003 | AR-CdUCM | ||
| 008 | 190503b ||||| |||| 00| 0 spa d | ||
| 040 |
_aMUNICIPALIDAD PROVINCIAL DEL CUSCO _cBIBLIOTECA MUNICIPAL DEL CUSCO |
||
| 082 |
_22ed. _a327.85 / _bP83 |
||
| 100 |
_aPorras Barrenechea, Raúl _91670 |
||
| 245 | _aHistoria de los límites del Perú / | ||
| 260 |
_aLima : _bLibr. Francesa científica, _c1930. |
||
| 300 |
_a172 páginas ; _bMapas, _c20 cm. |
||
| 505 | _aContenido: El Perú incaico y colonial -- Limites de las colonias españolas y portugueses -- Desmembraciones del virreinato peruano -- El principio de los limites coloniales ... | ||
| 650 |
_aFronteras _935849 |
||
| 650 |
_aRelaciones exteriores _94428 |
||
| 650 |
_aPerú _935 |
||
| 942 |
_2ddc _cLIBROS |
||
| 945 |
_aacv _d2019-05-03 |
||